Statistics for Biggest cities in the US Pacific- With exceptions

Click here to take the quiz!

General Stats

  • This quiz has been taken 22 times
  • The average score is 12 of 20

Answer Stats

StatePopulationCity% Correct
Nevada641 thouLas Vegas
100%
Washington737 thouSeattle
100%
Hawaii350 thouHonolulu
95%
Oregon652 thouPortland
95%
Alaska291 thouAnchorage
84%
Nevada264 thouReno
84%
Washington228 thouSpokane
79%
Nevada317 thouHenderson
74%
Washington219 thouTacoma
74%
Oregon175 thouSalem
68%
Washington190 thouVancouver
68%
Oregon176 thouEugene
63%
Nevada262 thouNorth Las Vegas
58%
Washington110 thouEverett
37%
Nevada108 thouSparks
32%
Washington151 thouBellevue
26%
Washington136 thouKent
26%
Oregon114 thouGresham
21%
Oregon106 thjouHillsboro
16%
Washington106 thouRenton
16%

Score Distribution

Percentile by Number Answered

Percent of People with Each Score

Your Score History

You have not taken this quiz